000 01496nam0a2200325 4500
001 RU\NLR\bibl\1327342
005 20260607065710.0
021 _aRU
_b2008-95911
_95623
035 _a(NLR Aleph) 001312612
090 _a689103
_c689103
100 _a20090210d2008 |||y0rusy50 ca
101 0 _arus
_deng
102 _aRU
105 _aa |||||||||
200 1 _aКонструкция корпуса реактора типа ВВЭР с инверсным распределением напряжений
_fР.К. Галимов, П.А. Александров, Д.В. Стельмак
210 _aМосква
_cРоссийский научный центр "Курчатовский институт"
_d2008
215 _a28 с.
_cил.
_d22
225 1 _aПрепринт
_fРос. науч. центр "Курчат. ин-т"
_vИАЭ-6542/4
300 _aРез. на англ. яз.
320 _aБиблиогр.: с. 27-28 (20 назв.)
606 1 _aВВЭР, ядерные реакторы
_xКорпуса
_xПроектирование
_92571682
_3RU\NLR\auth\661520735
686 _aЗ464.21-043.1-02
700 1 _aГалимов
_bР. К.
_4070
701 1 _4070
_7ca
_8rus
_aАлександров
_bП. А.
_cд-р физ.-мат. наук
_gПетр Анатольевич
_9123787
_3RU\NLR\auth\7714109
701 1 _aСтельмак
_bД. В.
_4070
801 0 _aRU
_bNLR
_c20090210
_gRCR
801 1 _aRU
_bNLR
_c20090210
942 _cBOOK
980 _aNB